US Cities by Metro Area to City Proper Population Ratio - Statistics

General Stats
  • This quiz has been taken 185 times
  • The average score is 13 of 20
Answer Stats
Metro Area City Proper Ratio Answer % Correct
6.20m 471k 13.2 Miami
91%
5.95m 498k 12.0 Atlanta
86%
3.14m 393k 8.0 Tampa
81%
6.25m 702k 8.9 Washington, D.C.
78%
2.57m 286k 9.0 Orlando
77%
2.81m 303k 9.3 St. Louis
75%
1.53m 904k 1.7 Jacksonville
74%
3.63m 425k 8.5 Minneapolis
73%
2.52m 1.532m 1.6 San Antonio
68%
2.00m 1.030m 1.9 San Jose
62%
1.40m 649k 2.2 Oklahoma City
58%
1.30m 620k 2.1 Louisville
55%
1.35m 651k 2.1 Memphis
55%
1.04m 546k 1.9 Tucson
52%
0.92m 560k 1.6 Albuquerque
51%
0.85m 683k 1.2 El Paso
51%
1.62m 179k 9.0 Providence
48%
4.62m 330k 14.0 Riverside/San Bernardino
46%
1.21m 123k 9.8 Hartford
44%
0.97m 530k 1.8 Fresno
34%
No matching quizzes found
Score Distribution
Percent of People with Each Score
Percentile by Number Answered
Your Score History
You have not taken this quiz